Sneeuw en zonde. (Record no. 6243)

MARC details
000 -LEADER
fixed length control field 00568cam a22002171 4500
001 - CONTROL NUMBER
control field af 48004853
003 - CONTROL NUMBER IDENTIFIER
control field DLC
005 - DATE AND TIME OF LATEST TRANSACTION
control field 20260227110910.0
008 - FIXED-LENGTH DATA ELEMENTS--GENERAL INFORMATION
fixed length control field 890623s1946 be a 000 0 dut c
010 ## - LIBRARY OF CONGRESS CONTROL NUMBER
LC control number af 48004853
035 ## - SYSTEM CONTROL NUMBER
System control number (OCoLC)19918530
040 ## - CATALOGING SOURCE
Original cataloging agency California. Univ. Libr.
Transcribing agency CU
Modifying agency DLC
042 ## - AUTHENTICATION CODE
Authentication code premarc
050 00 - LIBRARY OF CONGRESS CALL NUMBER
Classification number PT6460.W4
Item number S5
100 1# - MAIN ENTRY--PERSONAL NAME
Personal name Weyts, Staf,
Dates associated with a name 1909-
245 10 - TITLE STATEMENT
Title Sneeuw en zonde.
260 ## - PUBLICATION, DISTRIBUTION, ETC.
Place of publication, distribution, etc. Brugge,
Name of publisher, distributor, etc. De Kinkhoren,
Date of publication, distribution, etc. 1946.
300 ## - PHYSICAL DESCRIPTION
Extent 317 p.
Other physical details illus.
Dimensions 23 cm.
490 1# - SERIES STATEMENT
Series statement Romanreeks Korenaren
Volume/sequential designation 15
830 #0 - SERIES ADDED ENTRY--UNIFORM TITLE
Uniform title Korenaren ;
Volume/sequential designation 15.

No items available.

Powered by Koha